000 03083cam a2200361 a 4500
001 16035874
003 ARRUPE
005 20150408020005.0
008 091228s2010 enk b 001 0 eng
010 _a 2009054022
015 _aGBB052661
_2bnb
016 7 _a015535209
_2Uk
020 _a9780521874564
020 _a9780521697460 (pbk.)
035 _a(OCoLC)ocn495996820
040 _aDLC
_cDLC
_dYDXCP
_dERASA
_dUKM
_dBWK
_dCDX
_dOUP
_dC#P
_dHEBIS
_dBWX
_dIUA
_dDLC
050 0 0 _aB945.D44
_bC36 2010
082 0 0 _a191
_222
245 0 4 _aThe Cambridge companion to Dewey /
_cedited by Molly Cochran.
260 _aCambridge ;
_aNew York :
_bCambridge University Press,
_c2010.
300 _axviii, 356 p. ;
_c24 cm.
504 _aIncludes bibliographical references and index.
505 0 _aIntroduction / Molly Cochran -- The making of a democratic philosopher: the intellectual development of John Dewey / Robert Westbrook -- Dewey's epistemology / Ruth Anna Putnam -- The naturalism of John Dewey / Richard M. Gale -- Dewey's logic of inquiry / Isaac Levi -- The primacy of practice in Dewey's experimental empiricism / J.E. Tiles -- Cognitive science and Dewey's theory of mind, thought, and language / Mark Johnson -- John Dewey on action / Matthias Jung -- Dewey's moral philosophy / Jennifer Welchman -- Ethics as moral inquiry: Dewey and the moral psychology of social reform / James Bohman -- Dewey and pragmatic religious naturalism / Sami Pihlström -- Dewey's aesthetics / Richard Eldridge -- Dewey's philosophy of education: a critique from the perspective of care theory / Nel Noddings -- Dewey's vision of radical democracy / Richard J. Bernstein -- Dewey as an international thinker / Molly Cochran.
520 _aJohn Dewey (1859-1952) was a major figure of the American cultural and intellectual landscape in the first half of the twentieth century. While not the originator of American pragmatism, he was instrumental to its articulation as a philosophy and the spread of its influence beyond philosophy to other disciplines. His prolific writings encompass metaphysics, philosophy of mind, cognitive science, psychology, moral philosophy, the philosophies of religion, art, and education, and democratic political and international theory. The contributors to this Companion examine the wide range of Dewey's thought and provide a critical evaluation of his philosophy and its lasting influence, both elsewhere in philosophy and on other disciplines.
600 1 0 _aDewey, John,
_d1859-1952.
_9611
700 1 _aCochran, Molly,
_d1967-
_9612
856 4 2 _3Contributor biographical information
_uhttp://www.loc.gov/catdir/enhancements/fy1004/2009054022-b.html
856 4 2 _3Publisher description
_uhttp://www.loc.gov/catdir/enhancements/fy1004/2009054022-d.html
856 4 1 _3Table of contents only
_uhttp://www.loc.gov/catdir/enhancements/fy1004/2009054022-t.html
906 _a7
_bcbc
_corignew
_d1
_eecip
_f20
_gy-gencatlg
942 _2lcc
_cMONOGRAPH
_03
999 _c117892
_d117892